| 000 | 00417nam a22001337a 4500 | ||
|---|---|---|---|
| 999 |
_c532492 _d532492 |
||
| 082 | _aI551 G646 | ||
| 100 |
_aGopinath, T. _958858 |
||
| 245 |
_aResearch methodology and ethics: a beginner's guide _cby T. Gopinath, Aman Sharma and Sourabh Prakash |
||
| 260 |
_aChandigarh _bAbhishek _c2024 |
||
| 300 | _a257p. | ||
| 650 |
_aResearch methods _958859 |
||
| 700 |
_aSharma, Aman _958860 |
||
| 700 |
_aPrakash, Sourabh _958861 |
||